000 00329nam a2200133Ia 4500
003 GCL
008 140319s9999 xx 000 0 ara d
040 _aGCL /
_cGCL
082 0 4 _a240
_bد ك
245 1 0 _aكتاب دلائل التوحيد
260 _a[S.N] :
_bدار الكتب المصرية
300 _a194 ص
490 _a
999 _c59109
_d59109